<?xml version="1.0" encoding="UTF-8"?>
<marc:record xmlns:marc="http://www.loc.gov/MARC21/slim">
   <marc:leader>00000nam a2200000 a 4500</marc:leader>
   <marc:datafield ind1="1" ind2=" " tag="100">
      <marc:subfield code="a">Liesenfeld, Gabriele</marc:subfield>
      <marc:subfield code="4">aut</marc:subfield>
      <marc:subfield code="e">Verfasser/-in</marc:subfield>
   </marc:datafield>
   <marc:datafield ind1=" " ind2=" " tag="653">
      <marc:subfield code="a">Positives Denken</marc:subfield>
   </marc:datafield>
   <marc:datafield ind1=" " ind2=" " tag="653">
      <marc:subfield code="a">Übungen</marc:subfield>
   </marc:datafield>
   <marc:datafield ind1=" " ind2=" " tag="653">
      <marc:subfield code="a">Veränderung</marc:subfield>
   </marc:datafield>
   <marc:datafield ind1=" " ind2=" " tag="653">
      <marc:subfield code="a">Denkgewohnheit</marc:subfield>
   </marc:datafield>
   <marc:datafield ind1=" " ind2=" " tag="653">
      <marc:subfield code="a">Gedankenkarussell</marc:subfield>
   </marc:datafield>
   <marc:datafield ind1=" " ind2=" " tag="653">
      <marc:subfield code="a">Glaubenssätze</marc:subfield>
   </marc:datafield>
   <marc:datafield ind1="0" ind2="0" tag="245">
      <marc:subfield code="a">Erfolgreich beginnt im Kopf</marc:subfield>
   </marc:datafield>
   <marc:datafield ind1="0" ind2="0" tag="245">
      <marc:subfield code="b">Die Kunst, Gedanken zu verwalten. Das 21 Tage Programm für ein neues Leben.</marc:subfield>
   </marc:datafield>
   <marc:datafield ind1=" " ind2="1" tag="264">
      <marc:subfield code="c">2021</marc:subfield>
   </marc:datafield>
   <marc:datafield ind1="1" ind2=" " tag="520">
      <marc:subfield code="a">Jede Veränderung beginnt mit einem Gedanken. Wenn wir etwas zum Positiven verändern möchten, dann müssen wir unsere Gedanken beobachten und wählen, was wir denken wollen. Die meisten Menschen bemerken nicht einmal, was sie denken und wundern sich, warum sie noch immer nicht den Erfolg haben, den sie sich wünschen. Egal in welchem Lebensbereich: Partnerschaft, finanzielle Freiheit, Gesundheit, Karriere – wir denken uns in den Erfolg oder aus ihm heraus. Das 21-Tage-Programm in diesem Buch dient dazu, aus alten Gedankenkarussellen auszusteigen und neue Denkgewohnheiten zu etablieren. Mit minimalem Zeitaufwand. Nur 10 Minuten pro Tag genügen, um unser Gehirn umzustrukturieren. Mit der 7-Schritte-Übung lernst du, toxische Gedanken zu identifizieren, neue Glaubenssätze aufzubauen und endlich den Erfolg zu haben, den du dir wünschst!</marc:subfield>
   </marc:datafield>
   <marc:datafield ind1=" " ind2=" " tag="020">
      <marc:subfield code="a">9798534154870</marc:subfield>
      <marc:subfield code="9">9798534154870</marc:subfield>
   </marc:datafield>
</marc:record>
